Ekonomický rozvoj Ukrajiny v súčasnosti
Ekonomický potenciál Ukrajiny. Najrozvinutejšie priemyselné odvetvia v Ukrajine. Potravinová sebestačnosť. Veľký sociálny rozdiel medzi metropolou a vidiekom. Kvalita služieb priamo úmerná cenám. Významná geostrategická poloha Ukrajiny medzi dodávateľmi ropy a zemného plynu z Ruska, centrálnej Ázie...
Salvato in:
| Autore principale: | |
|---|---|
| Natura: | Capitolo di libro |
| Lingua: | slovacco |
| Soggetti: | |
| Tags: |
Nessun Tag, puoi essere il primo ad aggiungerne!!
|
MARC
| LEADER | 00000naa$a2200000$$$4500 | ||
|---|---|---|---|
| 001 | 0054113 | ||
| 005 | 20240502071627.6 | ||
| 041 | 0 | |a slo | |
| 044 | |a SK | ||
| 245 | 1 | 0 | |a Ekonomický rozvoj Ukrajiny v súčasnosti |c Mária Greššová |
| 520 | |a Ekonomický potenciál Ukrajiny. Najrozvinutejšie priemyselné odvetvia v Ukrajine. Potravinová sebestačnosť. Veľký sociálny rozdiel medzi metropolou a vidiekom. Kvalita služieb priamo úmerná cenám. Významná geostrategická poloha Ukrajiny medzi dodávateľmi ropy a zemného plynu z Ruska, centrálnej Ázie a Kaspického regiónu a odberateľmi v Európe. Hospodárstvo orientované na vývoz. Nízke zastúpenie zahraničných investícií. | ||
| 610 | 2 | 0 | |a situácia hospodárska |
| 610 | 2 | 0 | |a rozvoj hospodársky |
| 610 | 2 | 0 | |a odvetvia priemyselné |
| 610 | 2 | 0 | |a poľnohospodárstvo |
| 610 | 2 | 0 | |a suroviny nerastné |
| 610 | 2 | 0 | |a ropa |
| 610 | 2 | 0 | |a plyn zemný |
| 610 | 2 | 0 | |a investície zahraničné |
| 610 | 2 | 0 | |a Ukrajina |
| 100 | 1 | |a Greššová, Mária | |